Baltasar Pardal Vidal, modelo de sacerdote diocesano / (Record n. 3604)

Dettagli MARC
000 -LEADER
fixed length control field 00978cam a2200253 i 4500
003 - CONTROL NUMBER IDENTIFIER
control field IT-RoINE
005 - DATE AND TIME OF LATEST TRANSACTION
control field 20220624135512.0
008 - FIXED-LENGTH DATA ELEMENTS--GENERAL INFORMATION
fixed length control field 100622s2010 sp a |r|||| 100 0bspa d
020 ## - INTERNATIONAL STANDARD BOOK NUMBER
International Standard Book Number 9788493740030
040 ## - CATALOGING SOURCE
Original cataloging agency SpMaBN
Language of cataloging spa
Transcribing agency IT-RoINE
Description conventions rdc
100 1# - MAIN ENTRY--PERSONAL NAME
Personal name Pérez López, Segundo L.,
Dates associated with a name 1948-
9 (RLIN) 4583
245 10 - TITLE STATEMENT
Title Baltasar Pardal Vidal, modelo de sacerdote diocesano /
Statement of responsibility, etc Segundo L. Pérez López.
260 ## - PUBLICATION, DISTRIBUTION, ETC. (IMPRINT)
Place of publication, distribution, etc Santiago de Compostela :
Name of publisher, distributor, etc [Instituto Teológico Compostelano],
Date of publication, distribution, etc 2010.
300 ## - PHYSICAL DESCRIPTION
Extent 175 p. :
Other physical details il. col. ;
Dimensions 22 cm.
336 ## - CONTENT TYPE
Source rdacontent
Content type term text
337 ## - MEDIA TYPE
Source rdamedia
Media type term unmediated
338 ## - CARRIER TYPE
Source rdacarrier
Carrier type term volume
490 1# - SERIES STATEMENT
Series statement Cátedra Baltasar Pardal ;
Volume number/sequential designation 6
500 ## - GENERAL NOTE
General note Ponencia presentada en las IV Jornadas sobre Don Baltasar Pardal celebradas el 3 de marzo de 2010 en La Coruña
504 ## - BIBLIOGRAPHY, ETC. NOTE
Bibliography, etc Bibliografía: p. [173]-175
600 14 - SUBJECT ADDED ENTRY--PERSONAL NAME
Personal name Pardal Vidal, Baltasar,
Dates associated with a name 1886-1963
Form subdivision Congresos
9 (RLIN) 7412
830 #0 - SERIES ADDED ENTRY--UNIFORM TITLE
Uniform title Cátedra Baltasar Pardal ;
9 (RLIN) 7413
Volume number/sequential designation 6
942 ## - ADDED ENTRY ELEMENTS (KOHA)
Item type Monografías
Dati di copia
Withdrawn status Lost status Damaged status Not for loan Home library Current library Date acquired Total Checkouts Full call number Barcode Date last seen Price effective from Koha item type
        Iglesia Nacional Española en Roma Iglesia Nacional Española en Roma 08/05/2014   BIO 1589 4068 08/05/2014 08/05/2014 Monografías